<?xml version="1.0" encoding="UTF-8"?>
<collection xmlns="http://www.loc.gov/MARC21/slim">
 <record>
  <leader>00495pamaa2200157   4500</leader>
  <controlfield tag="001">0000013209</controlfield>
  <controlfield tag="005">20100430090000.0</controlfield>
  <datafield tag="020" ind1="0" ind2="0">
   <subfield code="a">0314027157 </subfield>
  </datafield>
  <datafield tag="082" ind1=" " ind2=" ">
   <subfield code="a">005.265 WEN</subfield>
  </datafield>
  <datafield tag="090" ind1="0" ind2="0">
   <subfield code="a">QA76.8.I259 </subfield>
   <subfield code="b">WEN 1994</subfield>
  </datafield>
  <datafield tag="100" ind1="1" ind2="0">
   <subfield code="a">WEN </subfield>
  </datafield>
  <datafield tag="245" ind1="1" ind2="0">
   <subfield code="a">Assembly language : </subfield>
   <subfield code="b">byte by byte, programming in the IBM PC environment  </subfield>
   <subfield code="c">David Y. Wen and Grey G. Whipple.</subfield>
  </datafield>
  <datafield tag="260" ind1="0" ind2="0">
   <subfield code="a">Minneapolis: </subfield>
   <subfield code="b">West Pub., </subfield>
   <subfield code="c">1994.</subfield>
  </datafield>
  <datafield tag="300" ind1=" " ind2=" ">
   <subfield code="a">xv, 496p.: </subfield>
   <subfield code="b">25cm.</subfield>
  </datafield>
  <datafield tag="650" ind1="0" ind2="0">
   <subfield code="a">IBM microcomputers -- </subfield>
   <subfield code="x">Programming </subfield>
  </datafield>
  <datafield tag="700" ind1="1" ind2="1">
   <subfield code="a">Whipple, </subfield>
   <subfield code="h">Grey G. </subfield>
  </datafield>
 </record>
</collection>
